00536nam a2200181 a 4500001001300000003000900013005001700022008004100039020002300080082002000103100001800123245005400141260005000195300000800245500003500253505003100288650003500319nice12345678IN_TiNIC20260116013059.0050524s1993 cama grp 000 0 eng  a0521099 c30500a909.097671bMAN aMantin, Peter aIslamic World, Beliefs and Civilizations-600-1600 aCambridge bCambridge University Press c1993 a64p aincludes index and biblioraphy2 aGlossary, Reference, Index aIslamic-Countries Civilization